000 00568nam a2200193Ia 4500
005 20250508160151.0
008 008 250505s9999 xx 000 0 eng d
037 _aBooks to be hide in OPAC
040 _aFEDL
_beng
_cFEDL
041 _aeng
_2eng
084 _qFEDL
245 0 _aReport on the work of the bureau of education for the natives of Alaska, 1914-15
245 0 _cBureau of Education
260 _aWashington, USA
_bU.S. Government Printing Office
_c1917
300 _a85p.
546 _aWeeded out
942 _cHB
999 _c1362373
_d1362373